[Event "Berlin-ch Seniors op 34th"]
[Site "Berlin"]
[Date "2018.02.02"]
[Round "4"]
[White "Kievelitz, Bernd"]
[Black "Sube, Guenter"]
[Result "1-0"]
[WhiteElo "1923"]
[BlackElo "1752"]
[PlyCount "71"]
[EventDate "2018.01.30"]
[EventType "swiss"]
[EventRounds "9"]
[EventCountry "GER"]
[SourceTitle "EXT 2020"]
[Source "ChessBase"]
[SourceDate "2019.10.17"]
[SourceVersion "1"]
[SourceVersionDate "2019.10.17"]
[SourceQuality "1"]

1. Nf3 Nf6 2. c4 b6 3. g3 Bb7 4. Bg2 e6 5. 0-0 Be7 6. Nc3 0-0 7. Qc2 d6 8. d4 Nbd7 9. b4 Rc8 10. Bb2 c5 11. dxc5 dxc5 12. b5 Qc7 13. e4 Bd6 14. Rae1 Ne5 15. Nd2 Ng6 16. f4 e5 17. f5 Ne7 18. Nd5 Nfxd5 19. exd5 f6 20. Be4 Rce8 21. g4 Bc8 22. Nf3 Kh8 23. Kf2 g6 24. Rg1 gxf5 25. gxf5 Rg8 26. Nh4 Rxg1 27. Rxg1 Rg8 28. Qe2 Rxg1 29. Kxg1 Ng8 30. Bc1 Qg7+ 31. Kf1 Bd7 32. Qh5 Ne7 33. Bh6 Qg8 34. Ng6+ hxg6 35. fxg6 Qe8 36. Bf8+ 1-0

[Event "Berlin-ch Seniors op 33rd"]
[Site "Berlin"]
[Date "2017.02.03"]
[Round "4"]
[White "Jaeger, Andre"]
[Black "Sube, Guenter"]
[Result "1-0"]
[WhiteElo "1945"]
[BlackElo "1779"]
[PlyCount "53"]
[EventDate "2017.01.31"]
[EventType "swiss"]
[EventRounds "9"]
[EventCountry "GER"]
[SourceTitle "EXT 2019"]
[Source "ChessBase"]
[SourceDate "2018.10.10"]
[SourceVersion "1"]
[SourceVersionDate "2018.10.10"]
[SourceQuality "1"]

1. d4 Nf6 2. c4 e6 3. a3 b6 4. Nc3 Bb7 5. d5 Be7 6. e4 d6 7. Bd3 Nbd7 8. f4 e5 9. f5 Nc5 10. Bc2 h6 11. b4 Ncd7 12. Be3 a5 13. b5 0-0 14. Nh3 Nh7 15. Qg4 Bg5 16. Nxg5 Nxg5 17. h4 Nf6 18. Qe2 Ngh7 19. g4 Kh8 20. g5 Ng8 21. 0-0-0 g6 22. fxg6 fxg6 23. gxh6 Qe7 24. Rdg1 Qf6 25. Bd1 Rae8 26. Qg2 g5 27. hxg5 1-0

[Event "Berlin-ch Seniors op 33rd"]
[Site "Berlin"]
[Date "2017.02.02"]
[Round "3"]
[White "Sube, Guenter"]
[Black "Walther, Lothar O"]
[Result "1/2-1/2"]
[WhiteElo "1779"]
[BlackElo "1491"]
[PlyCount "61"]
[EventDate "2017.01.31"]
[EventType "swiss"]
[EventRounds "9"]
[EventCountry "GER"]
[SourceTitle "EXT 2019"]
[Source "ChessBase"]
[SourceDate "2018.10.10"]
[SourceVersion "1"]
[SourceVersionDate "2018.10.10"]
[SourceQuality "1"]

1. e4 c5 2. Nf3 d6 3. d4 cxd4 4. Nxd4 Nf6 5. Nc3 a6 6. h3 e5 7. Nf3 Nbd7 8. Be3 Be7 9. Be2 b5 10. a3 0-0 11. 0-0 Bb7 12. Nd2 Qc7 13. f3 Rae8 14. Rc1 Nh5 15. Nb3 Bh4 16. Qd2 Rd8 17. Rfd1 Nc5 18. Nd5 Bxd5 19. Qxd5 Nf6 20. Qd2 h6 21. Nxc5 dxc5 22. Qc3 c4 23. Rxd8 Rxd8 24. Rd1 Rxd1+ 25. Bxd1 Nh5 26. Qd2 Qe7 27. Qd5 Nf6 28. Qa8+ Kh7 29. Qxa6 Qd7 30. Be2 Bg5 31. Qb6 1/2-1/2

[Event "Miedzyzdroje OB Seniors 24th"]
[Site "Miedzyzdroje"]
[Date "2016.06.19"]
[Round "3"]
[White "Nauschuetz, Ernst"]
[Black "Sube, Guenter"]
[Result "1/2-1/2"]
[WhiteElo "1985"]
[BlackElo "1814"]
[PlyCount "63"]
[EventDate "2016.06.17"]
[EventType "swiss"]
[EventRounds "9"]
[EventCountry "POL"]
[SourceTitle "EXT 2019"]
[Source "ChessBase"]
[SourceDate "2018.10.10"]
[SourceVersion "1"]
[SourceVersionDate "2018.10.10"]
[SourceQuality "1"]

1. e4 g6 2. Nc3 c6 3. d4 d5 4. Nf3 Bg7 5. Be3 dxe4 6. Nxe4 Nf6 7. Nxf6+ Bxf6 8. Qd2 0-0 9. h4 h5 10. Bd3 Nd7 11. 0-0-0 Bg7 12. Bh6 Nf6 13. c3 Qa5 14. Kb1 Be6 15. b3 Bf5 16. Bxg7 Kxg7 17. Ne5 Bxd3+ 18. Qxd3 Rad8 19. f3 c5 20. g4 cxd4 21. cxd4 Rh8 22. Rd2 Nd5 23. Nc4 Qc7 24. Rg1 b5 25. Ne5 Qb6 26. Kb2 a5 27. f4 Nxf4 28. Qf1 Rxd4 29. Rf2 Qf6 30. Qxb5 Nd3+ 31. Nxd3 Rxd3+ 32. Rxf6 1/2-1/2

[Event "Miedzyzdroje OB Seniors 23rd"]
[Site "Miedzyzdroje"]
[Date "2015.06.21"]
[Round "5"]
[White "Sube, Guenter"]
[Black "Assmann, Hans"]
[Result "1-0"]
[WhiteElo "1789"]
[BlackElo "1705"]
[PlyCount "97"]
[EventDate "2015.06.17"]
[EventType "swiss"]
[EventRounds "8"]
[EventCountry "POL"]
[SourceTitle "EXT 2018"]
[Source "ChessBase"]
[SourceDate "2017.10.13"]
[SourceVersion "1"]
[SourceVersionDate "2017.10.13"]
[SourceQuality "1"]

1. e4 c5 2. Nf3 e6 3. Nc3 a6 4. a3 Nc6 5. d4 cxd4 6. Nxd4 Qc7 7. Be3 Nf6 8. Be2 Be7 9. 0-0 0-0 10. Qd2 b5 11. Rad1 Bb7 12. Nxc6 Bxc6 13. Bf3 Rad8 14. Bd4 e5 15. Be3 d6 16. Qe2 Qb7 17. Bg5 b4 18. axb4 Qxb4 19. Bc1 Qb7 20. Rfe1 h6 21. Nd5 Nxd5 22. exd5 Bd7 23. g3 f5 24. Bg2 Rc8 25. c3 Ba4 26. Rd2 Bb5 27. Qe3 Bf6 28. Bf1 Bd7 29. c4 Bg5 30. f4 exf4 31. gxf4 Rce8 32. Qf2 Rxe1 33. Qxe1 Bxf4 34. Re2 Qb6+ 35. Kh1 Bxc1 36. Qxc1 Qd8 37. b4 Qf6 38. c5 dxc5 39. bxc5 Bb5 40. Re6 Qd4 41. Bg2 Bc4 42. Qe3 Qa1+ 43. Qe1 Qa2 44. Re5 Qb3 45. d6 Kh7 46. c6 Qb6 47. d7 Qc7 48. Re8 Kg8 49. Rxf8+ 1-0

[Event "Berlin-ch Seniors op 31st"]
[Site "Berlin"]
[Date "2015.02.06"]
[Round "8"]
[White "Tham, Franz"]
[Black "Sube, Guenter"]
[Result "1/2-1/2"]
[WhiteElo "1380"]
[BlackElo "1616"]
[PlyCount "70"]
[EventDate "2015.01.29"]
[EventType "swiss"]
[EventRounds "9"]
[EventCountry "GER"]
[SourceTitle "EXT 2018"]
[Source "ChessBase"]
[SourceDate "2017.10.13"]
[SourceVersion "1"]
[SourceVersionDate "2017.10.13"]
[SourceQuality "1"]

1. Nf3 b6 2. d4 Bb7 3. c4 Nf6 4. g3 e6 5. Bg2 Be7 6. 0-0 d6 7. Nc3 Nbd7 8. Qc2 Rc8 9. e4 0-0 10. Re1 e5 11. d5 a5 12. Bh3 Ra8 13. Be3 Bc8 14. a3 Nc5 15. Bxc8 Qxc8 16. Kg2 Ng4 17. b4 axb4 18. axb4 Nxe3+ 19. fxe3 Nd7 20. Nb5 Qb7 21. Qc3 Rfc8 22. Rxa8 Rxa8 23. Ra1 Bd8 24. Rxa8 Qxa8 25. Qa3 Qxa3 26. Nxa3 Nb8 27. b5 Nd7 28. Nd2 g5 29. g4 Kg7 30. h3 Kg6 31. Nc2 h5 32. Nb4 hxg4 33. hxg4 Kf6 34. Nc6 Be7 35. Nxe7 Kxe7 1/2-1/2

[Event "Berlin-ch Seniors op 31st"]
[Site "Berlin"]
[Date "2015.01.30"]
[Round "2"]
[White "Klevenow, Ursula"]
[Black "Sube, Guenter"]
[Result "1/2-1/2"]
[WhiteElo "1447"]
[BlackElo "1616"]
[PlyCount "51"]
[EventDate "2015.01.29"]
[EventType "swiss"]
[EventRounds "9"]
[EventCountry "GER"]
[SourceTitle "EXT 2018"]
[Source "ChessBase"]
[SourceDate "2017.10.13"]
[SourceVersion "1"]
[SourceVersionDate "2017.10.13"]
[SourceQuality "1"]

1. d4 Nf6 2. Nf3 b6 3. c4 e6 4. Nc3 Bb7 5. e3 d6 6. Bd3 Nbd7 7. 0-0 Be7 8. e4 0-0 9. Be3 c5 10. d5 e5 11. h3 h6 12. Nh2 Nh7 13. f4 Bc8 14. Ng4 Nhf6 15. f5 a6 16. Qf3 Nxg4 17. Qxg4 Bg5 18. Bxg5 Qxg5 19. Qxg5 hxg5 20. Be2 Rb8 21. Rf3 Nf6 22. Rg3 Nh7 23. a4 Bd7 24. b3 a5 25. Rf1 Kh8 26. Bh5 1/2-1/2

[Event "Berlin-ch Seniors op 30th"]
[Site "Berlin"]
[Date "2014.02.06"]
[Round "8"]
[White "Freihube, Manfred"]
[Black "Sube, Guenter"]
[Result "0-1"]
[WhiteElo "1511"]
[BlackElo "1622"]
[PlyCount "52"]
[EventDate "2014.01.30"]
[EventType "swiss"]
[EventRounds "9"]
[EventCountry "GER"]
[SourceTitle "EXT 2023"]
[Source "ChessBase"]
[SourceDate "2022.10.05"]
[SourceVersion "1"]
[SourceVersionDate "2022.10.05"]
[SourceQuality "1"]

1. d4 Nf6 2. Nf3 b6 3. g3 Bb7 4. Bg2 e6 5. c4 Be7 6. Nc3 0-0 7. Qc2 d6 8. 0-0 Nbd7 9. b3 Rc8 10. Bb2 h6 11. Rac1 c5 12. dxc5 Nxc5 13. Rcd1 Nce4 14. Ng5 Nxc3 15. Bxb7 Nxd1 16. Bxf6 hxg5 17. Bxe7 Qxe7 18. Bxc8 Ne3 19. fxe3 Rxc8 20. Qe4 f6 21. Rd1 Rd8 22. g4 Rd7 23. Kf2 Kf7 24. Qf3 g6 25. Rh1 f5 26. gxf5 exf5 0-1

[Event "Berlin Lichtenberger op 10th"]
[Site "Berlin"]
[Date "2011.08.19"]
[Round "7"]
[White "Bauer, Stefan"]
[Black "Sube, Guenter"]
[Result "1/2-1/2"]
[WhiteElo "1684"]
[BlackElo "1842"]
[PlyCount "69"]
[EventDate "2011.08.13"]
[EventType "swiss"]
[EventRounds "9"]
[EventCountry "GER"]
[SourceTitle "CBM 143 Extra"]
[Source "ChessBase"]
[SourceDate "2011.08.29"]
[SourceVersion "1"]
[SourceVersionDate "2011.08.29"]
[SourceQuality "1"]

1. Nf3 Nf6 2. d4 e6 3. Nbd2 b6 4. e4 Bb7 5. e5 Ne4 6. Nxe4 Bxe4 7. Ng5 Bg6 8. Qf3 Nc6 9. c3 Be7 10. h4 h6 11. Nh3 0-0 12. h5 Bh7 13. g4 f5 14. Bd3 Kh8 15. Rg1 Rf7 16. g5 hxg5 17. Bxg5 Qg8 18. Bxe7 Rxe7 19. Ng5 Rf8 20. 0-0-0 Nd8 21. Qf4 Nf7 22. Qh4 Nxg5 23. Rxg5 Qf7 24. Rdg1 Rg8 25. f4 Qe8 26. Qh1 c6 27. Be2 Qf8 28. Rg6 Rf7 29. Qh4 Qe7 30. R6g5 Qf8 31. Rg6 Qe7 32. R6g5 Qf8 33. Qg3 Re7 34. Rg6 Rf7 35. Qh4 1/2-1/2

[Event "Berlin Lichtenberger op 10th"]
[Site "Berlin"]
[Date "2011.08.18"]
[Round "6"]
[White "Lehmann, Tornalf"]
[Black "Sube, Guenter"]
[Result "1-0"]
[WhiteElo "1637"]
[BlackElo "1842"]
[PlyCount "50"]
[EventDate "2011.08.13"]
[EventType "swiss"]
[EventRounds "9"]
[EventCountry "GER"]
[SourceTitle "CBM 143 Extra"]
[Source "ChessBase"]
[SourceDate "2011.08.29"]
[SourceVersion "1"]
[SourceVersionDate "2011.08.29"]
[SourceQuality "1"]

1. e4 e6 2. d4 d5 3. Nc3 Nf6 4. Bg5 Be7 5. e5 Nfd7 6. h4 a6 7. Qg4 Bxg5 8. hxg5 g6 9. Nf3 c5 10. 0-0-0 cxd4 11. Nxd4 Nxe5 12. Qh4 Nbc6 13. f4 Nxd4 14. Rxd4 Nc6 15. Rd2 Qa5 16. Qh6 Bd7 17. Qg7 0-0-0 18. Rxh7 Rxh7 19. Qxh7 Be8 20. a3 Kb8 21. g3 Qb6 22. Qh2 Ne7 23. Bd3 Bc6 24. Nd1 Rc8 25. Qe2 Rh8 1-0

[Event "Berlin Lichtenberger op 10th"]
[Site "Berlin"]
[Date "2011.08.17"]
[Round "5"]
[White "Sube, Guenter"]
[Black "Horbach, Fabian"]
[Result "0-1"]
[WhiteElo "1842"]
[BlackElo "2022"]
[PlyCount "74"]
[EventDate "2011.08.13"]
[EventType "swiss"]
[EventRounds "9"]
[EventCountry "GER"]
[SourceTitle "CBM 143 Extra"]
[Source "ChessBase"]
[SourceDate "2011.08.29"]
[SourceVersion "1"]
[SourceVersionDate "2011.08.29"]
[SourceQuality "1"]

1. e4 c5 2. Nc3 Nc6 3. f4 d6 4. Nf3 g6 5. a3 Bg7 6. Bc4 e6 7. d3 Nge7 8. 0-0 0-0 9. Ne2 d5 10. Ba2 dxe4 11. dxe4 b6 12. Qxd8 Rxd8 13. c3 Ba6 14. Re1 Bd3 15. Ng3 Rd7 16. Be3 c4 17. Rad1 Rad8 18. Rd2 b5 19. Red1 Bh6 20. Ne1 e5 21. Nxd3 Rxd3 22. Rxd3 Rxd3 23. Rxd3 cxd3 24. Bd2 exf4 25. Nf1 Ne5 26. h3 Nc4 27. Bxc4 bxc4 28. Nh2 f5 29. exf5 Nxf5 30. Ng4 g5 31. h4 Kg7 32. Nxh6 Kxh6 33. hxg5+ Kxg5 34. Kf2 Kg4 35. Be1 Ng3 36. b4 cxb3 37. c4 d2 0-1

[Event "Berlin Lichtenberger op 10th"]
[Site "Berlin"]
[Date "2011.08.14"]
[Round "2"]
[White "Schroeder, Gert"]
[Black "Sube, Guenter"]
[Result "0-1"]
[WhiteElo "1386"]
[BlackElo "1842"]
[PlyCount "52"]
[EventDate "2011.08.13"]
[EventType "swiss"]
[EventRounds "9"]
[EventCountry "GER"]
[SourceTitle "CBM 143 Extra"]
[Source "ChessBase"]
[SourceDate "2011.08.29"]
[SourceVersion "1"]
[SourceVersionDate "2011.08.29"]
[SourceQuality "1"]

1. e4 e6 2. Nf3 d5 3. exd5 exd5 4. d4 Bd6 5. Qd3 Ne7 6. Bd2 c6 7. Be2 Bf5 8. Qb3 Nd7 9. Be3 Nb6 10. c4 dxc4 11. Bxc4 Nxc4 12. Qxc4 Nd5 13. Ne5 Bxe5 14. Bd2 Bf6 15. 0-0 0-0 16. a4 Be6 17. Qd3 Qc7 18. b4 Rad8 19. g3 Bh3 20. Re1 Qd7 21. Ra3 Rfe8 22. Rxe8+ Rxe8 23. Qc4 Qf5 24. Rb3 Qe4 25. f3 Bxd4+ 26. Kh1 Qe1+ 0-1

[Event "Berlin Lichtenberger op 10th"]
[Site "Berlin"]
[Date "2011.08.14"]
[Round "3"]
[White "Sube, Guenter"]
[Black "Barwich, Andreas"]
[Result "1/2-1/2"]
[WhiteElo "1842"]
[BlackElo "1963"]
[PlyCount "65"]
[EventDate "2011.08.13"]
[EventType "swiss"]
[EventRounds "9"]
[EventCountry "GER"]
[SourceTitle "CBM 143 Extra"]
[Source "ChessBase"]
[SourceDate "2011.08.29"]
[SourceVersion "1"]
[SourceVersionDate "2011.08.29"]
[SourceQuality "1"]

1. e4 c6 2. d4 d5 3. exd5 cxd5 4. Bd3 Nc6 5. c3 Nf6 6. h3 e5 7. dxe5 Nxe5 8. Nf3 Nxd3+ 9. Qxd3 Be7 10. 0-0 0-0 11. Nd4 Bd7 12. Be3 Re8 13. Nd2 a6 14. Rfe1 Qc7 15. Bg5 Qb6 16. N2f3 Ne4 17. Bxe7 Rxe7 18. Re2 Rae8 19. Rae1 Qf6 20. Kf1 h6 21. b3 Qg6 22. Ng1 Bc6 23. Qc2 Re5 24. Ngf3 R5e7 25. Qc1 Kf8 26. Nd2 Nxd2+ 27. Qxd2 Rxe2 28. Rxe2 Qb1+ 29. Qe1 Qd3 30. Qd2 Qb1+ 31. Qe1 Qd3 32. Qd2 Qb1+ 33. Qe1 1/2-1/2

[Event "GER-ch Seniors 22nd"]
[Site "Berlin"]
[Date "2010.08.21"]
[Round "6"]
[White "Sube, Guenter"]
[Black "Scholz, Werner"]
[Result "1-0"]
[WhiteElo "1624"]
[BlackElo "1478"]
[PlyCount "53"]
[EventDate "2010.08.16"]
[EventType "swiss"]
[EventRounds "9"]
[EventCountry "GER"]
[SourceTitle "CBM 138 Extra"]
[Source "ChessBase"]
[SourceDate "2010.10.29"]
[SourceVersion "1"]
[SourceVersionDate "2010.10.29"]
[SourceQuality "1"]

1. e4 c5 2. Nc3 Nc6 3. f4 e5 4. d3 Nge7 5. Nf3 d6 6. Be2 exf4 7. Bxf4 Ng6 8. Bg3 Be7 9. 0-0 0-0 10. Nd5 b6 11. a3 Bb7 12. Ne3 Bf6 13. c3 Re8 14. Nd5 Be5 15. Nxe5 Ncxe5 16. d4 Bxd5 17. exd5 Nd7 18. Bxd6 Nf6 19. dxc5 Ne4 20. Bf3 Nxd6 21. cxd6 Qxd6 22. Qd4 Re5 23. c4 Rae8 24. b4 Rc8 25. Rac1 Ne7 26. c5 Nf5 27. cxd6 1-0

[Event "GER-ch Seniors 22nd"]
[Site "Berlin"]
[Date "2010.08.19"]
[Round "4"]
[White "Sube, Guenter"]
[Black "Borkenhagen, Bernd"]
[Result "1-0"]
[WhiteElo "1624"]
[BlackElo "1494"]
[PlyCount "80"]
[EventDate "2010.08.16"]
[EventType "swiss"]
[EventRounds "9"]
[EventCountry "GER"]
[SourceTitle "CBM 138 Extra"]
[Source "ChessBase"]
[SourceDate "2010.10.29"]
[SourceVersion "1"]
[SourceVersionDate "2010.10.29"]
[SourceQuality "1"]

1. e4 e5 2. Nc3 c6 3. f4 d6 4. Nf3 Bg4 5. Bc4 Bxf3 6. Qxf3 Nd7 7. 0-0 Qf6 8. d3 h6 9. Be3 Ne7 10. Qe2 Qg6 11. Rf3 Qh5 12. Raf1 Ng6 13. fxe5 Ngxe5 14. Bxf7+ Nxf7 15. Rxf7 Qxe2 16. Nxe2 b6 17. Bd4 Rg8 18. Bc3 c5 19. Ng3 g6 20. Rh7 0-0-0 21. Rff7 a5 22. Ne2 a4 23. Nf4 Ne5 24. Rc7+ Kb8 25. Nd5 Rd7 26. Rcxd7 Nxd7 27. Rxd7 b5 28. Rd8+ Kb7 29. Bf6 Kc6 30. Be7 Rg7 31. Rxf8 h5 32. Rf6 Kd7 33. Rxd6+ Ke8 34. Rb6 b4 35. Bxc5 b3 36. axb3 axb3 37. Rxb3 g5 38. Rb8+ Kf7 39. Rb7+ Kg6 40. Rxg7+ Kxg7 1-0

[Event "Brandenburg-ch Seniors 17th"]
[Site "Rowy"]
[Date "2008.06.30"]
[Round "7"]
[White "Gensch, Manfred"]
[Black "Sube, Guenter"]
[Result "1/2-1/2"]
[WhiteElo "1733"]
[BlackElo "1779"]
[PlyCount "48"]
[EventDate "2008.06.23"]
[EventType "swiss"]
[EventRounds "9"]
[EventCountry "POL"]
[SourceTitle "EXT 2022"]
[Source "ChessBase"]
[SourceDate "2021.10.06"]
[SourceVersion "1"]
[SourceVersionDate "2021.10.06"]
[SourceQuality "1"]

1. e4 e6 2. d4 d5 3. Nd2 dxe4 4. Nxe4 Nd7 5. Nf3 Ngf6 6. Bd3 Nxe4 7. Bxe4 Nf6 8. Bd3 Be7 9. Bg5 h6 10. Bd2 a6 11. c3 Bd7 12. Ne5 0-0 13. Qf3 Be8 14. Qg3 Nh5 15. Qh3 f5 16. 0-0-0 Bg5 17. g3 Bxd2+ 18. Kxd2 Nf6 19. f3 c5 20. g4 cxd4 21. gxf5 dxc3+ 22. bxc3 Qd5 23. f4 Ne4+ 24. Ke3 Nxc3 1/2-1/2

[Event "Brandenburg-ch Seniors 17th"]
[Site "Rowy"]
[Date "2008.06.23"]
[Round "2"]
[White "Jackowski, Ryszard"]
[Black "Sube, Guenter"]
[Result "1/2-1/2"]
[WhiteElo "1916"]
[BlackElo "1779"]
[PlyCount "126"]
[EventDate "2008.06.23"]
[EventType "swiss"]
[EventRounds "9"]
[EventCountry "POL"]
[SourceTitle "EXT 2022"]
[Source "ChessBase"]
[SourceDate "2021.10.06"]
[SourceVersion "1"]
[SourceVersionDate "2021.10.06"]
[SourceQuality "1"]

1. e4 e6 2. d4 d5 3. e5 c5 4. Nf3 cxd4 5. Nxd4 Nc6 6. Nf3 Bd7 7. Bd3 Bc5 8. c3 Qb6 9. 0-0 a5 10. a3 Nge7 11. Nbd2 Qc7 12. Qe2 Ng6 13. Nb3 Be7 14. Re1 a4 15. Nbd4 Na5 16. Rb1 Nc4 17. Bxc4 Qxc4 18. Qxc4 dxc4 19. Be3 0-0 20. Rbd1 Rfd8 21. g3 Rac8 22. h4 h6 23. h5 Nf8 24. Nd2 Be8 25. g4 b5 26. Ne4 Nh7 27. f4 Nf8 28. Kg2 Bc5 29. Nxc5 Rxc5 30. Nf5 Rxd1 31. Rxd1 Rc7 32. Nd6 Bc6+ 33. Kf2 Nd7 34. Kg3 f6 35. Bd4 fxe5 36. fxe5 Bd5 37. Rf1 Nc5 38. Bxc5 Rxc5 39. Kf4 Bc6 40. Rd1 Bd5 41. Ne4 Rc8 42. Rd2 Rf8+ 43. Ke3 Rf1 44. Nf2 Rg1 45. Kd4 Bf3 46. Kc5 Bxg4 47. Nxg4 Rxg4 48. Kd6 Rg5 49. Kxe6 Rxh5 50. Rf2 g6 51. Kd6 Rh3 52. e6 Rd3+ 53. Ke7 g5 54. Rf6 Kg7 55. Rf7+ Kg6 56. Rf8 g4 57. Rg8+ Kf5 58. Kf7 Kf4 59. Rg6 g3 60. e7 Rd7 61. Ke8 Rxe7+ 62. Kxe7 Kf3 63. Rf6+ Ke3 1/2-1/2